Регионална библиотека "Любен Каравелов" - Русе

Русские изразцы (Запис номер 389108)

MARC детайли
000 -Лидер
Контролно поле с фиксирана дължина nkm a22 a 4500
003 - Код на организацията, давaща контролен номер
Контролно поле BLK
005 - Дата и час на последна редакция
Контролно поле 20200929083844.0
008 - Елементи от данни с фиксирана дължина
fixed length control field 200924b bu ||||| |||| 00| k|bu d
040 ## - Източник на каталожния запис
Идентификатор на билиотеката - собственик на записа BLK
041 ## - Код за език
Код за езика на текст/звукозапис или на отделно заглавие Руски
Код за езика КДБФ Руски
080 ## - УДК
Текстов определител УДК Художествена керамика. Грънчарско изкуство
УДК код - определител по УДК 738
УДК - код + определител 738
139 ## - Редно поле
Редна дума Русские изразцы
245 ## - Сведения за заглавието
Заглавие Русские изразцы
Подзаглавни данни албум
Редно поле (дума) состав. и авт. вступ. статьи Ю. М. Овсянников
257 ## - Страна на издаване
Страна на създаване/издаване СССР
260 ## - Област на издателските данни
9 (RLIN) 211505
Място на издаване, разпространение и проч. Ленинград
Име на издателя, разпространителя и проч. Художник РСФСР
Година на издаване 1968
Издателство - префикс ISBN 5-
300 ## - Физическа характеристика
Страници 134, [1] с.
Илюстрации и др. ил.
Размери/Мащаб 20 см
380 ## - Жанр
Жанр Изкуство
650 #0 - Допълнително описание по предмет – тема
9 (RLIN) 300195
Основно описание – тема или топоним Керамика, художествена
653 #0 - Ключова дума – ненормативна
9 (RLIN) 401783
Ключова дума снимкови албуми
700 1# - Други автори (авторска отговорност)
9 (RLIN) 104319
Лично име Овсянников, Юрий Максимилианович
Автороска отговорност (Описва отношението между автора и произведението) авт-състав.
852 ## - Местоположение
Форматна сигнатура Цб 301078
Фондова буква Хранилище
999 ## - СИСТЕМНИ КОНТРОЛНИ НОМЕРА
Koha biblionumber 389108
Koha biblioitemnumber 389108
942 ## - АРТИКУЛИ
Вид на библиотечния материал Графични издания
Скрит в OPAC Не
Периодичен библиозапис Да
944 ## - СЪЗДАВАНЕ И РЕДАКЦИЯ на ЗАПИСА
Създаване/Редакция Създаване
Дата на регистрацията/редакция 2020-09-29
Служител, извършил регистрацията/редакцията НР
Наличности
Код за отписване Код за изгубен артикул Източник на класификационната схема Код за повреда Коз за рестрикции Код за отдаване Артикулен № Име на библиотеката - собственик Име на библиотеката, в която се намира в момента Статус (Текущо местоположение) Дата на вписване в системата Местоположение - отдел Цена в лева Инвентарен номер Систематично азбучна сигнатура Баркод Цена в евро Служебен тип на артикула
  Не е изгубен Universal Decimal Classification Не е повреден само за читалня ползва се в читалня 801447 Регионална библиотека "Любен Каравелов" Русе Регионална библиотека "Любен Каравелов" Русе Хранилище 2020-09-29 Основен фонд - ползва се само за читалня 2.08 78480 Цб 301078 120000078480 1.06 Графични издания
Vip Innovations Ltd, Rousse, Bulgaria 2025